000 00448cam a2200181 4500
001 D12358
008 090401t1947 xxu||||| |||| 00| 0 eng d
035 _a(Sirsi) u2862
041 _aeng
100 _aCave, J. Otway
245 _aConstruction and maintenance of buildings
260 _aLondon
_bEstates Gazette
_c1947
350 _a0
520 _aShelf 152; 2 copies
700 _aEarthrowe, Russell A
942 _n0
948 _c04/03/1997
999 _c85822
_d85822